000 00471nam a2200133 a 4500
001 000043976
005 20201002045056.0
008 140512s1987 sp 000 0 spa d
040 _aDO-SdBNP
_bspa
_cBNPHU
111 2 _aCongreso internacional de intelectuales y artistas
_d(1987:
_cValencia )
_971927
245 1 0 _aDiscurso de Apertura del Congreso Internacional de Intelectuales y Artistas.
260 _aValencia :
_bArte Gráfica Soler,
_c1987.
300 _a14 p. ;
_c29 cm.
999 _c43465
_d43465